[Event "Costa Brava op 29th"]
[Site "Costa Brava"]
[Date "2016.11.19"]
[Round "7"]
[White "Lara Garcia, Josep"]
[Black "Carbo Marti, Jordi"]
[Result "1/2-1/2"]
[WhiteElo "1798"]
[BlackElo "1837"]
[PlyCount "59"]
[EventDate "2016.09.24"]
[EventType "swiss"]
[EventRounds "9"]
[EventCountry "ESP"]
[SourceTitle "EXT 2018"]
[Source "ChessBase"]
[SourceDate "2017.10.13"]
[SourceVersion "1"]
[SourceVersionDate "2017.10.13"]
[SourceQuality "1"]

1. e4 e6 2. Nf3 c5 3. Nc3 Nc6 4. d3 Nf6 5. Bg5 d6 6. a3 Be7 7. Be2 0-0 8. 0-0 a6 9. h3 b5 10. b3 Bb7 11. Qd2 Nd7 12. Bxe7 Qxe7 13. d4 cxd4 14. Nxd4 Rad8 15. Bf3 Nce5 16. Qe3 Qf6 17. Be2 Nc5 18. f4 Nc6 19. Nxc6 Bxc6 20. b4 Nd7 21. Rad1 e5 22. f5 Nb8 23. Bf3 Bb7 24. Rd3 Nc6 25. Ne2 Rd7 26. c3 Rfd8 27. Rfd1 Ne7 28. Qb6 Nc8 29. Qe3 Ne7 30. Qb6 1/2-1/2

[Event "Costa Brava op 29th"]
[Site "Costa Brava"]
[Date "2016.09.24"]
[Round "1"]
[White "Bou Janoher, Ernest"]
[Black "Lara Garcia, Josep"]
[Result "1-0"]
[WhiteElo "1700"]
[BlackElo "1798"]
[PlyCount "77"]
[EventDate "2016.09.24"]
[EventType "swiss"]
[EventRounds "9"]
[EventCountry "ESP"]
[SourceTitle "EXT 2018"]
[Source "ChessBase"]
[SourceDate "2017.10.13"]
[SourceVersion "1"]
[SourceVersionDate "2017.10.13"]
[SourceQuality "1"]

1. d4 d5 2. Nf3 Nc6 3. e3 Nf6 4. c3 e6 5. Bd3 Be7 6. 0-0 h6 7. Nbd2 Bd7 8. Re1 0-0 9. Qe2 Nh7 10. e4 dxe4 11. Nxe4 Nf6 12. Ne5 Nxe4 13. Qxe4 f5 14. Qe2 Nxe5 15. dxe5 Bg5 16. f4 Be7 17. Be3 Qc8 18. Rad1 Rd8 19. Bc4 Kh8 20. Bc1 a6 21. Rd3 Bc6 22. Rh3 b5 23. Bb3 Bd5 24. Bc2 Qb7 25. Be3 Be4 26. Bb3 Bd5 27. c4 bxc4 28. Bxc4 c6 29. b3 Bxc4 30. bxc4 Rab8 31. Qh5 Qb4 32. Rc1 Bc5 33. Qe2 Bxe3+ 34. Rxe3 Rd2 35. Qf3 Qb2 36. Rce1 Rc8 37. R3e2 Qxa2 38. Rxd2 Qxc4 39. Red1 1-0

[Event "Palafrugell Gelpi Memorial 28th"]
[Site "Palafrugell"]
[Date "2015.??.??"]
[Round "1"]
[White "Balague Canadell, Jordi"]
[Black "Lara Garcia, Josep"]
[Result "1-0"]
[WhiteElo "2198"]
[BlackElo "1823"]
[PlyCount "69"]
[EventDate "2015.09.26"]
[EventType "swiss"]
[EventRounds "9"]
[EventCountry "ESP"]
[SourceTitle "EXT 2017"]
[Source "ChessBase"]
[SourceDate "2016.10.25"]
[SourceVersion "1"]
[SourceVersionDate "2016.10.25"]
[SourceQuality "1"]

1. d4 d5 2. Nf3 h6 3. c4 e6 4. g3 Nf6 5. Bg2 c6 6. 0-0 Be7 7. Nc3 0-0 8. b3 Bb4 9. Bb2 a6 10. c5 Bxc3 11. Bxc3 Ne4 12. Bb2 Nd7 13. Nd2 Nxd2 14. Qxd2 Nf6 15. f3 Re8 16. b4 Nh7 17. e4 b6 18. cxb6 Qxb6 19. Bc3 Qc7 20. Rac1 Bb7 21. Qf2 Qe7 22. e5 f6 23. exf6 Qxf6 24. Rce1 a5 25. Re5 axb4 26. Bxb4 Nf8 27. Bxf8 Qxf8 28. Bh3 Qd6 29. Rfe1 Bc8 30. Bf5 Bb7 31. Bb1 Re7 32. Qc2 Ree8 33. Qh7+ Kf8 34. Bg6 Qe7 35. Qh8# 1-0

[Event "Palafrugell Gelpi Memorial 28th"]
[Site "Palafrugell"]
[Date "2015.??.??"]
[Round "8"]
[White "Lara Garcia, Josep"]
[Black "Cano Martinez, Felix"]
[Result "0-1"]
[WhiteElo "1823"]
[BlackElo "1794"]
[PlyCount "106"]
[EventDate "2015.09.26"]
[EventType "swiss"]
[EventRounds "9"]
[EventCountry "ESP"]
[SourceTitle "EXT 2017"]
[Source "ChessBase"]
[SourceDate "2016.10.25"]
[SourceVersion "1"]
[SourceVersionDate "2016.10.25"]
[SourceQuality "1"]

1. e4 e6 2. Nf3 Nf6 3. d3 d6 4. Nc3 e5 5. Bg5 Be7 6. h3 Nbd7 7. Be2 a6 8. a3 b5 9. d4 exd4 10. Qxd4 c5 11. Qd1 Bb7 12. Nd2 0-0 13. Bf3 Ne5 14. Be2 h6 15. Bxf6 Bxf6 16. 0-0 Qc7 17. Nd5 Bxd5 18. exd5 c4 19. Rb1 Qb7 20. Ne4 Be7 21. f4 Ng6 22. Ng3 Qd7 23. Bg4 Qc7 24. Re1 Bh4 25. Qf3 Bxg3 26. Qxg3 Rae8 27. Re2 Re7 28. Rbe1 Rxe2 29. Rxe2 Qc5+ 30. Kh1 Qxd5 31. h4 Qd4 32. f5 Ne5 33. Bh5 f6 34. c3 Qd3 35. Re3 Qxf5 36. Be2 Qb1+ 37. Kh2 Qxb2 38. Qf4 Qc2 39. Qd4 Qf5 40. Qd5+ Kh8 41. Rg3 Qf4 42. Kh3 Qf5+ 43. Bg4 Qf1 44. Kh2 Qf4 45. Kh3 f5 46. Be2 Qe4 47. Qd2 f4 48. Bf3 Qf5+ 49. Bg4 Qf6 50. Rf3 Nxf3 51. Bxf3 Qf5+ 52. Bg4 Qd3+ 53. Qxd3 cxd3 0-1